000 00778nam a22002297a 4500
005 20170124110246.0
010 _aTA-004552
020 _c00.00
_a435823000
035 _aTA-004552
037 _bCen Lib/Ret
040 _aDPL
_bEN
082 _a323.2
_bFEU
100 _aFeuer, Lewis S.
_997637
245 _aThe conflict of generations :
_bthe character and significance of student movements /
_cby Lewis S.Feuer
260 _aLondon
_bHeinemann Educational Books
_c1969
270 _bLondon
_a48 Charles Street
300 _aix,543p.
_c21cm(Hb)
500 _aIncludes index
650 _aStudent movements -- History.
_997638
650 _aConflict of generations.
_97595
942 _2ddc
_cEN
_h323.2
_mFEU
999 _c135553
_d135553